«Монако» - Армагеддон - Statistics

General Stats
  • This quiz has been taken 7 times
  • The average score is 12 of 50
Answers on the Grid
Answers color-coded by a green-red scale on the quiz's grid according to % correct below.
Рафаэль Маркес
Патрис Эвра
Мемфис Депай
Оливье Жиру
Скотт Мактоминей
Левен Кюрзава
Паскаль Грос
Антуан Гризманн
Олли Уоткинс
Сеск Фабрегас
Фабьен Бартез
Коди Гакпо
Брель Эмболо
Марко Пьяца
Джибриль Сидибе
Бернарду Силва
Джон Макгинн
Андреа Раджи
Доминик Собослаи
Янник Карраско
Душан Тадич
Коул Палмер
Жером Ротен
Орельен Чуамени
Борна Соса
Радамель Фалькао
Марк Кукурелья
Юссуф Фофана
Ромелу Лукаку
Бенжамен Менди
Даниел Субашич
Барнабаш Варга
Леандро Троссард
Юри Тилеманс
Рубен Агилар
Артём Довбик
Людовик Жюли
Мартин Дубравка
Хакан Чалханоглу
Антони Марсьяль
Камиль Глик
Йон Арне Риисе
Кенан Йылдыз
Душан Влахович
Пак Чу Ён
Рикарду Карвалью
Стеван Йоветич
Эльсеид Хюсай
Ян Облак
Хамес Родригес
Джонатан Та
Дадо Пршо
Жоффре Кондогбья
Давид Жинола
Эрик Абидаль
Джей-Джей Окоча
Тиагу Мотта
Гленн Ходдл
Ласина Траоре
Эммануэль Адебайор
Хавьер Пасторе
Вилли Саньоль
Юлиан Дракслер
Тони Кроос
Димитр Бербатов
Тиагу Силва
Марко Верратти
Блез Матюиди
Юрий Джоркаефф
Ашраф Хакими
Юссеф Эль-Араби
Виссам Бен-Йеддер
Себастьен Скиллачи
Брадли Баркола
Тьерри Анри
Джордж Веа
Эдинсон Кавани
Анхель Ди Мария
Юрген Клинсман
Яя Туре
Денис Закария
Мейсон Гринвуд
Хатем Бен Арфа
Александр Головин
Сидней Гову
Шабани Нонда
Тило Керер
Лилиан Тюрам
Флоран Малуда
Уго Льорис
Давид Трезеге
Карим Бензема
Александр Ляказетт
Эмманюэль Пети
Такуми Минамино
Бенжамен Павар
Корантен Толиссо
Майкл Эссьен
Килиан Мбаппе
 
Answer Stats
Answer % Correct
Виссам Бен-Йеддер
75%
Тьерри Анри
75%
Рафаэль Маркес
50%
Патрис Эвра
50%
Сеск Фабрегас
50%
Джибриль Сидибе
50%
Бернарду Силва
50%
Орельен Чуамени
50%
Радамель Фалькао
50%
Бенжамен Менди
50%
Даниел Субашич
50%
Юри Тилеманс
50%
Людовик Жюли
50%
Антони Марсьяль
50%
Стеван Йоветич
50%
Эрик Абидаль
50%
Ласина Траоре
50%
Денис Закария
50%
Александр Головин
50%
Такуми Минамино
50%
Килиан Мбаппе
50%
Рикарду Карвалью
25%
Хамес Родригес
25%
Жоффре Кондогбья
25%
Тило Керер
25%
Эмманюэль Пети
25%
Левен Кюрзава
0%
Фабьен Бартез
0%
Брель Эмболо
0%
Андреа Раджи
0%
Янник Карраско
0%
Жером Ротен
0%
Юссуф Фофана
0%
Рубен Агилар
0%
Камиль Глик
0%
Йон Арне Риисе
0%
Пак Чу Ён
0%
Дадо Пршо
0%
Гленн Ходдл
0%
Эммануэль Адебайор
0%
Вилли Саньоль
0%
Димитр Бербатов
0%
Юрий Джоркаефф
0%
Себастьен Скиллачи
0%
Джордж Веа
0%
Юрген Клинсман
0%
Яя Туре
0%
Шабани Нонда
0%
Лилиан Тюрам
0%
Давид Трезеге
0%
No matching quizzes found
Score Distribution
Percent of People with Each Score
Percentile by Number Answered
Your Score History
You have not taken this quiz